000 00653nam a2200205Ia 4500
003 GCL
008 140319s9999 xx 000 0 ara d
040 _aGCL /
_cGCL
082 0 4 _a346.02
_bع ف
100 1 _aعبدالحميد الشواربى
_vPurified
_@
…هذب
245 1 0 _aفسخ العقد فى ضوء القضاة والفقة /
_cعبدالحميد الشواربى
260 _a[S.N] :
_bمنشاة المعارف الاسلامية ،
_c1990
300 _a381 ص
490 _a
650 0 4 _aالقانون
650 0 4 _aالعقود
650 0 4 _aالقانون الخاص
650 0 4 _aالتوكيل
942 _2ddc
_cBK
999 _c31924
_d31924